000 00308nam a22001337a 4500
008 210301b ||||| |||| 00| 0 eng d
020 _a9780443067617
041 _aeng
080 _a611
100 _a6
101 _aANA
245 _aDorland's Gray's-Pocket Atlas of Anatomy
_cDrake,L.R
942 _2udc
_cBK
999 _c55411
_d55411